<?xml version="1.0" encoding="UTF-8"?>
<record
    xmlns:xsi="http://www.w3.org/2001/XMLSchema-instance"
    xsi:schemaLocation="http://www.loc.gov/MARC21/slim http://www.loc.gov/standards/marcxml/schema/MARC21slim.xsd"
    xmlns="http://www.loc.gov/MARC21/slim">

  <leader>02207cam a22002533a 4500</leader>
  <controlfield tag="001">18465</controlfield>
  <controlfield tag="003">PGUSA</controlfield>
  <controlfield tag="005">20140828083407.0</controlfield>
  <controlfield tag="008">060528s2006||||xxu|||||s|||||000 | eng d</controlfield>
  <datafield tag="040" ind1=" " ind2=" ">
    <subfield code="a">PGUSA</subfield>
    <subfield code="b">eng</subfield>
  </datafield>
  <datafield tag="042" ind1=" " ind2=" ">
    <subfield code="a">dc</subfield>
  </datafield>
  <datafield tag="050" ind1=" " ind2="4">
    <subfield code="a">PN</subfield>
  </datafield>
  <datafield tag="245" ind1="1" ind2="4">
    <subfield code="a">The Wit and Humor of America, Volume II. (of X.)</subfield>
    <subfield code="h">[electronic resource]</subfield>
  </datafield>
  <datafield tag="260" ind1=" " ind2=" ">
    <subfield code="b">Project Gutenberg,</subfield>
    <subfield code="c">2006</subfield>
  </datafield>
  <datafield tag="505" ind1="0" ind2=" ">
    <subfield code="a">An Arch&#xE6;ological Congress, by Burdette -- Aunt Dinah's Kitchen, by Stowe -- Ballad, by Leland -- Barney McGee, by Hovey -- The Beecher Beached, by Tabb -- A Boy's View of It, by Stanton -- Budd Wilkins at the Show, by Kiser -- The Colonel's Clothes, by Gilman -- Comin' Thu, by Culbertson -- The Dutchman Who Had the "Small Pox," by Leland -- An Evening Musicale, by Fisk -- Familiar Authors at Work, by Carruth -- Fascination, by Tabb -- The Golfer's Rubaiyat, by Boynton -- Go Lightly, Gal (The Cake Walk), by Culbertson -- Grandma Keeler Gets Grandpa Ready for Sunday-School, by Greene -- The Hoosier and the Salt Pile, by Marble -- How "Ruby" Played, by Bagby -- A Letter, by Nasby -- The Lost Word, by Paul -- Love Sonnets of a Hoodlum, by Irwin -- Mr. Dooley on Gold-Seeking, by Dunne -- Mr. Dooley on Reform Candidates, by Dunne -- Natural Perversities, by Riley -- A Nautical Ballad, by Carryl -- The Old Deacon's Version of the Story of the Rich Man and Lazarus, by Stanton -- Our Best Society, by Curtis -- Plagiarism, by Tabb -- The Recruit, by Chambers -- "Ringworm Frank", by Riley -- A Rival Entertainment, by Field -- Samuel Brown, by Cary -- Seffy and Sally, by Long -- She Talked, by Foss -- The Strike at Hinman's, by Burdette -- The Two Brothers, by Wells -- The Two Farmers, by Wells -- The Two New Houses, by Wells -- The Two Suitors, by Wells -- Vive La Bagatelle, by Burgess -- Walk, by Devere -- The Way it Wuz, by Riley -- Yawcob Strauss, by Adams -- Yes?, by O'Reilly.</subfield>
  </datafield>
  <datafield tag="506" ind1=" " ind2=" ">
    <subfield code="a">Public domain in the USA.</subfield>
  </datafield>
  <datafield tag="516" ind1=" " ind2=" ">
    <subfield code="a">Electronic text</subfield>
  </datafield>
  <datafield tag="653" ind1=" " ind2=" ">
    <subfield code="a">American wit and humor</subfield>
  </datafield>
  <datafield tag="653" ind1=" " ind2=" ">
    <subfield code="a">American literature -- Humor</subfield>
  </datafield>
  <datafield tag="700" ind1="1" ind2=" ">
    <subfield code="a">Wilder, Marshall Pinckney,</subfield>
    <subfield code="d">1859-1915</subfield>
  </datafield>
  <datafield tag="830" ind1=" " ind2="0">
    <subfield code="a">Project Gutenberg</subfield>
    <subfield code="v">18465</subfield>
  </datafield>
  <datafield tag="856" ind1="4" ind2="0">
    <subfield code="u">http://www.gutenberg.org/ebooks/18465</subfield>
  </datafield>
  <datafield tag="942" ind1=" " ind2=" ">
    <subfield code="c">EB</subfield>
  </datafield>
  <datafield tag="999" ind1=" " ind2=" ">
    <subfield code="c">247720</subfield>
    <subfield code="d">247720</subfield>
  </datafield>
  <datafield tag="952" ind1=" " ind2=" ">
    <subfield code="0">0</subfield>
    <subfield code="1">0</subfield>
    <subfield code="4">0</subfield>
    <subfield code="a">GTB</subfield>
    <subfield code="b">GTB</subfield>
    <subfield code="d">2014-08-28</subfield>
    <subfield code="l">0</subfield>
    <subfield code="r">2014-08-28 00:00:00</subfield>
    <subfield code="w">2014-08-28</subfield>
    <subfield code="y">EB</subfield>
  </datafield>
</record>
